000 00514nam a2200181 i 4500
001 31201
003 ES-MaACL
005 20230906154333.0
007 t|
008 030128s1971 sp ||||1| spa d
100 1 _aBehar, Henri.
_927050
245 1 0 _aSobre teatro dada y surrealista /
_cHenri Behar ; [traducción de José Escué].
250 _a1ª ed.
260 _a[Barcelona] :
_bBarral,
_c[1971]
300 _a250 p. ;
_c20 cm.
700 1 _aEscué, Josep.
_947715
852 _aES-MaACL
_jC-39240
_bR.79229
999 _c31201
_d31201